[Event "European Rapid 2016"]
[Site "Tallinn EST"]
[Date "2016.12.16"]
[Round "9.9"]
[White "Matlakov, Maxim"]
[Black "Piorun, Kacper"]
[Result "1-0"]
[WhiteTitle "GM"]
[BlackTitle "GM"]
[WhiteElo "2694"]
[BlackElo "2657"]
[WhiteFideId "4168003"]
[BlackFideId "1130420"]
[EventDate "2016.12.15"]

1. Nf3 c5 2. c4 Nc6 3. Nc3 Nf6 4. g3 d5 5. cxd5 Nxd5 6. Bg2 Nc7 7. a3 g6 8. h4
h6 9. d3 Bg7 10. Be3 Ne6 11. O-O Qd7 12. Rc1 O-O 13. Na4 b6 14. b4 f5 15. bxc5
f4 16. gxf4 b5 17. Nc3 Nxf4 18. Bxf4 Rxf4 19. Qb3+ e6 20. Ne4 Bb7 21. Qxb5 Raf8
22. Rc4 Qe7 23. Ng3 a6 24. Qa4 e5 25. Rb1 Ba8 26. Rb6 Nd4 27. c6 Nxf3+ 28. Bxf3
Qxh4 29. Rxa6 e4 30. Rxa8 Rxa8 31. Qxa8+ Rf8 1-0

[Event "European Rapid 2016"]
[Site "Tallinn EST"]
[Date "2016.12.16"]
[Round "9.10"]
[White "Motylev, Alexander"]
[Black "Grandelius, Nils"]
[Result "1/2-1/2"]
[WhiteTitle "GM"]
[BlackTitle "GM"]
[WhiteElo "2663"]
[BlackElo "2643"]
[WhiteFideId "4121830"]
[BlackFideId "1710400"]
[EventDate "2016.12.15"]

1. e4 c5 2. Nc3 e6 3. g3 d5 4. Bg2 dxe4 5. Nxe4 Nh6 6. Ne2 Nf5 7. O-O Be7 8. d3
O-O 9. a3 Nc6 10. c3 a5 11. a4 Qd7 12. Qc2 b6 13. Rd1 Ba6 14. Nf4 Rfd8 15. Qe2
Rac8 16. b3 Ne5 17. Ba3 Ng6 18. Nxg6 hxg6 19. Bf1 Nd6 20. Qe1 Qc6 21. Bg2 Qc7
22. h4 Rd7 23. Nxd6 Bxd6 24. Bb2 Be7 25. c4 Bf6 26. Bxf6 gxf6 27. Qe3 Rcd8 28.
Rd2 Rd4 29. Qf3 f5 30. Re1 Qd6 31. Red1 Kg7 32. Qc6 Qb8 33. Qf3 Qe5 34. Qe3 Qf6
35. f4 R8d7 36. Kf2 Bb7 37. Bxb7 Rxb7 38. Rh1 Rb8 39. Ke2 Rh8 40. Kd1 Qe7 41.
Kc2 Qd6 42. Re2 Kf6 43. Qf3 Rh5 44. Rhe1 1/2-1/2

[Event "European Rapid 2016"]
[Site "Tallinn EST"]
[Date "2016.12.16"]
[Round "9.12"]
[White "Kantans, Toms"]
[Black "Navara, David"]
[Result "0-1"]
[WhiteTitle "IM"]
[BlackTitle "GM"]
[WhiteElo "2454"]
[BlackElo "2725"]
[WhiteFideId "11602945"]
[BlackFideId "309095"]
[EventDate "2016.12.15"]

1. e4 c5 2. Nf3 d6 3. d4 cxd4 4. Nxd4 Nf6 5. Nc3 a6 6. Bg5 Nbd7 7. f4 Qc7 8. Qf3
b5 9. O-O-O Bb7 10. Bd3 g6 11. Nd5 Nxd5 12. exd5 Bg7 13. Nc6 Nf6 14. Rhe1 Bxc6
15. dxc6 Rc8 16. f5 Qxc6 17. fxg6 Qxf3 18. gxf7+ Kxf7 19. gxf3 Rc5 20. h4 h6 21.
Be3 Rh5 22. Bf2 Nd5 23. Be4 Nf4 24. c3 Bf6 25. Bg3 Ng2 26. Re2 Nxh4 27. Rh1 Nf5
28. Rxh5 Nxg3 29. Rg2 Nxh5 30. Bg6+ Ke6 31. Bxh5 Bg5+ 32. Kc2 Rf8 33. Kd3 d5 34.
Rg1 Kd6 35. Ke2 e5 36. Bg4 a5 37. Rd1 Rf4 38. a3 Rc4 39. Kd3 Ra4 40. Kc2 Rf4 41.
Rg1 e4 42. Rg3 Ke5 43. Bd7 Rxf3 44. Rxf3 exf3 45. Kd1 b4 46. axb4 axb4 47. Bc6
h5 48. c4 f2 49. Ke2 dxc4 50. Kxf2 b3 51. Be8 h4 52. Bf7 Kd4 0-1

[Event "European Rapid 2016"]
[Site "Tallinn EST"]
[Date "2016.12.16"]
[Round "9.13"]
[White "Marin, Mihail"]
[Black "Vallejo Pons, Francisco"]
[Result "0-1"]
[WhiteTitle "GM"]
[BlackTitle "GM"]
[WhiteElo "2539"]
[BlackElo "2711"]
[WhiteFideId "1200020"]
[BlackFideId "2205530"]
[EventDate "2016.12.15"]

1. Nf3 d5 2. d4 Nf6 3. c4 c6 4. Nc3 dxc4 5. a4 Bf5 6. e3 e6 7. Bxc4 Nbd7 8. O-O
Bb4 9. Qe2 O-O 10. e4 Bg4 11. Rd1 Re8 12. h3 Bh5 13. e5 Nd5 14. Ne4 Qa5 15. Ng3
Bg6 16. Nh4 c5 17. Nxg6 hxg6 18. h4 cxd4 19. h5 Ne7 20. Bb5 Red8 21. Rxd4 Nf8
22. Rh4 a6 23. Bc4 Bd2 24. f4 Rac8 25. Ne4 Bxc1 26. Rxc1 Nf5 27. Rh3 b5 28. hxg6
Nxg6 29. Qh5 Rxc4 30. Rxc4 bxc4 31. Nf6+ gxf6 32. exf6 Rd1+ 33. Qxd1 Nxf4 34.
Qg4+ Ng6 35. Qxc4 Qe1+ 36. Qf1 Qe5 37. Qxa6 Qd4+ 38. Kh1 Qxf6 39. Qc8+ Kg7 40.
Qc3 e5 41. a5 Nf4 42. Rg3+ Nxg3+ 43. Qxg3+ Qg6 44. Qxg6+ Kxg6 45. b4 Nd5 46. a6
Kf5 47. a7 Nb6 48. Kg1 Ke4 49. Kf2 f5 50. Ke2 Kd4 51. b5 Kc4 52. Kf3 Kd3 53. Kf2
Kd2 0-1

[Event "European Rapid 2016"]
[Site "Tallinn EST"]
[Date "2016.12.16"]
[Round "9.14"]
[White "Bortnyk, Olexandr"]
[Black "Meskovs, Nikita"]
[Result "1/2-1/2"]
[WhiteTitle "GM"]
[BlackTitle "IM"]
[WhiteElo "2581"]
[BlackElo "2489"]
[WhiteFideId "14120828"]
[BlackFideId "11602740"]
[EventDate "2016.12.15"]

1. e4 c5 2. Nf3 e6 3. b3 b6 4. Bb2 Bb7 5. Nc3 Nc6 6. Bd3 d6 7. Qe2 Nge7 8. O-O-O
Ng6 9. g3 Be7 10. Bb5 a6 11. Bxc6+ Bxc6 12. d4 cxd4 13. Nxd4 Bd7 14. h4 h5 15.
f4 b5 16. Rd2 Rc8 17. Nf3 Qa5 18. Qe3 b4 19. Ne2 Qxa2 20. f5 exf5 21. exf5 Bxf5
22. Nfd4 Bg4 23. Nf4 Ne5 24. Nd5 a5 25. Nb5 Rh6 26. Qa7 Bd8 27. Re1 Kf8 28. Rxe5
dxe5 29. Nxb4 Qxb3 30. Rxd8+ Rxd8 31. cxb3 axb4 32. Qc5+ Kg8 33. Qxb4 Rc6+ 34.
Bc3 Rb8 35. Qe7 Be6 36. Kd2 Kh7 37. Nd6 Rxb3 38. Ne4 Rb5 39. Ng5+ Kg6 40. Nxe6
Rd5+ 41. Nd4 Rcd6 42. Qg5+ Kh7 43. Qxh5+ Kg8 44. Qf3 exd4 45. Bb4 Rd8 46. h5 Rb5
47. Ba3 d3 48. Qg4 Rb6 49. Qg5 Rf6 50. Bb2 Rf2+ 51. Ke1 f6 52. Qb5 d2+ 53. Kd1
Rh2 54. Qc6 Rf2 55. Qc4+ Kh8 56. h6 Re8 57. hxg7+ Kxg7 58. Qg4+ Kh6 59. Qh3+ Kg6
60. Qg4+ Kh6 61. Qh4+ Kg6 62. Qg4+ Kh6 1/2-1/2

[Event "European Rapid 2016"]
[Site "Tallinn EST"]
[Date "2016.12.16"]
[Round "9.15"]
[White "Naiditsch, Arkadij"]
[Black "Miezis, Normunds"]
[Result "1-0"]
[WhiteTitle "GM"]
[BlackTitle "GM"]
[WhiteElo "2687"]
[BlackElo "2509"]
[WhiteFideId "4650891"]
[BlackFideId "11600136"]
[EventDate "2016.12.15"]

1. e4 c5 2. Nf3 e6 3. d4 cxd4 4. Nxd4 a6 5. c4 Nf6 6. Nc3 Bb4 7. Qd3 Nc6 8. Nxc6
dxc6 9. Qxd8+ Kxd8 10. e5 Nd7 11. Bf4 f6 12. O-O-O Bxc3 13. bxc3 Ke8 14. exf6
gxf6 15. Be2 e5 16. Be3 Nf8 17. f4 Ng6 18. fxe5 fxe5 19. Rd6 Rf8 20. Rhd1 Bf5
21. Bg5 Kf7 22. g4 Be4 23. Bh6 Rfe8 24. c5 Bd5 25. Kd2 Nf4 26. Rf1 Kg8 27. c4
Bf7 28. Bxf4 exf4 29. Rxf4 Bg6 30. h4 Re5 31. h5 Rae8 32. Bf1 Be4 33. Rd4 Bb1
34. Kc1 Be4 35. Kb2 a5 36. Rd7 Rxc5 37. Rxb7 Rce5 38. Kc3 c5 39. Rb6 Rd8 40.
Rff6 a4 41. h6 Bg6 42. Rfe6 Rg5 43. Be2 Rf8 44. Rf6 Re5 45. Rxf8+ Kxf8 46. Kd2
Ke7 47. Rxg6 1-0

[Event "European Rapid 2016"]
[Site "Tallinn EST"]
[Date "2016.12.16"]
[Round "9.16"]
[White "Jankovic, Alojzije"]
[Black "Neiksans, Arturs"]
[Result "1-0"]
[WhiteTitle "GM"]
[BlackTitle "GM"]
[WhiteElo "2591"]
[BlackElo "2631"]
[WhiteFideId "14505959"]
[BlackFideId "11601388"]
[EventDate "2016.12.15"]

1. d4 Nf6 2. c4 e6 3. Nf3 b6 4. g3 Ba6 5. Qc2 c5 6. d5 exd5 7. cxd5 g6 8. Bg2
Bg7 9. Nc3 O-O 10. O-O d6 11. Re1 Re8 12. e4 b5 13. e5 dxe5 14. Nxe5 Ng4 15. Nf3
Rxe1+ 16. Nxe1 Nd7 17. Ne4 Bb7 18. Nd6 Qe7 19. Bf4 g5 20. Nf5 Qf6 21. Bd2 b4 22.
h3 Nge5 23. Rd1 Re8 24. Be3 Ba6 25. b3 g4 26. h4 Bf8 27. d6 h6 28. Bc1 Be2 29.
Ne7+ Bxe7 30. Qxe2 Bxd6 31. Qa6 Bf8 32. Qxf6 Nxf6 33. Be3 a5 34. Rc1 Rc8 35. Kf1
c4 36. Bd4 Nfd7 37. f4 gxf3 38. Bh3 Rc7 39. Bxd7 Nxd7 40. Rxc4 Rxc4 41. bxc4 Nc5
42. Nxf3 Ne4 43. g4 Bg7 44. Ke2 Bxd4 45. Nxd4 Nc3+ 46. Kd2 Nxa2 47. c5 Kf8 48.
c6 Ke8 49. h5 f6 50. Kc2 a4 51. Nb5 Kd8 52. Kb2 Nc3 53. Nd6 Kc7 54. Ne8+ Kxc6
55. Nxf6 Kc5 56. g5 Kc4 57. g6 a3+ 58. Kc2 b3+ 59. Kd2 Nb1+ 60. Ke3 a2 61. g7
a1=Q 62. g8=Q+ Kb4 63. Qb8+ Ka3 64. Nd5 Kb2 65. Qe5+ Nc3 66. Qxc3+ Kb1 67. Qxb3+ 1-0

[Event "European Rapid 2016"]
[Site "Tallinn EST"]
[Date "2016.12.16"]
[Round "9.17"]
[White "Fridman, Daniel"]
[Black "Dzhumagaliev, Yan"]
[Result "1-0"]
[WhiteTitle "GM"]
[BlackTitle "FM"]
[WhiteElo "2596"]
[BlackElo "2400"]
[WhiteFideId "11600454"]
[BlackFideId "24100110"]
[EventDate "2016.12.15"]

1. Nf3 Nf6 2. c4 e6 3. g3 a6 4. Bg2 b5 5. d3 Bb7 6. O-O Be7 7. e4 d6 8. Na3 bxc4
9. Nxc4 e5 10. Na5 Ra7 11. Qa4+ Qd7 12. Qxd7+ Nbxd7 13. Be3 c5 14. b4 Ng4 15.
bxc5 dxc5 16. Bd2 Ba8 17. h3 Ngf6 18. Nc4 O-O 19. Rab1 Rd8 20. Ba5 Re8 21. Nfxe5
Nxe5 22. Nxe5 Bf8 23. Nc4 Bc6 24. e5 Bxg2 25. Kxg2 Nd5 26. a3 Rd7 27. f4 h5 28.
f5 Ne7 29. Nd6 Ra8 30. Rf3 Nc6 31. Nc4 Nd4 32. Rf2 Re8 33. Rb6 Ra8 34. g4 hxg4
35. hxg4 Be7 36. Rfb2 Bg5 37. a4 Kh7 38. Rb7 Ra7 39. Rxa7 Rxa7 40. Bb6 Rd7 41.
Bxc5 Nc6 42. Rb6 Nd8 43. Nd6 a5 44. d4 Rc7 45. Ne4 Bh4 46. Kh3 Be1 47. Ng5+ Kg8 1-0

[Event "European Rapid 2016"]
[Site "Tallinn EST"]
[Date "2016.12.16"]
[Round "9.18"]
[White "Malakhov, Igor"]
[Black "Rakhmanov, Aleksandr"]
[Result "1-0"]
[WhiteTitle "IM"]
[BlackTitle "GM"]
[WhiteElo "2454"]
[BlackElo "2667"]
[WhiteFideId "4183088"]
[BlackFideId "4173708"]
[EventDate "2016.12.15"]

1. e4 c5 2. Nf3 Nf6 3. Nc3 d5 4. exd5 Nxd5 5. d4 Nxc3 6. bxc3 g6 7. Bb5+ Bd7 8.
Qe2 cxd4 9. Bxd7+ Nxd7 10. cxd4 Bg7 11. O-O O-O 12. Rb1 b6 13. Ba3 Re8 14. c4
Rc8 15. Rfc1 e5 16. d5 e4 17. Nd2 f5 18. Nb3 Ne5 19. Nd4 Nd3 20. Ne6 Nxc1 21.
Rxc1 Qd7 22. Nxg7 Qxg7 23. Bb2 Qf7 24. Qe3 h5 25. Qh6 Qh7 26. Qe3 Re7 27. h4 Rd7
28. a4 Qe7 29. Qh6 Qh7 30. Qe3 Rdc7 31. a5 Rxc4 32. Rxc4 Rxc4 33. axb6 Rc2 34.
bxa7 Qb7 35. Qh6 Rxb2 36. Qxg6+ Kf8 37. a8=Q+ Qxa8 38. Qxf5+ Kg8 39. Qg6+ Kf8
40. Qf6+ Kg8 41. Qxb2 Qxd5 42. Qf6 Kh7 43. Kh2 Qb7 44. Qf5+ Kg7 45. Qg5+ Kf8 46.
Qxh5 Qc7+ 47. g3 Qc2 48. Qf5+ Kg8 49. h5 Qe2 50. h6 e3 51. Qg6+ Kf8 52. Qg7+ Ke8
53. Qe5+ Kf7 54. Qxe3 1-0

[Event "European Rapid 2016"]
[Site "Tallinn EST"]
[Date "2016.12.16"]
[Round "9.19"]
[White "Cramling, Pia"]
[Black "Huzman, Alexander"]
[Result "1/2-1/2"]
[WhiteTitle "GM"]
[BlackTitle "GM"]
[WhiteElo "2453"]
[BlackElo "2557"]
[WhiteFideId "1700030"]
[BlackFideId "2803828"]
[EventDate "2016.12.15"]

1. Nf3 c5 2. c4 Nc6 3. d4 cxd4 4. Nxd4 Nf6 5. Nc3 e6 6. g3 Qb6 7. Ndb5 Ne5 8.
Bg2 a6 9. Qa4 Rb8 10. Na3 Bxa3 11. Qxa3 Nxc4 12. Qb3 Qxb3 13. axb3 Ne5 14. Bf4
d6 15. O-O-O Ke7 16. Rxd6 Ng6 17. Rd8 Rxd8 18. Bxb8 Bd7 19. Ba7 Rc8 20. Kb1 Bc6
21. e4 Nd7 22. Be3 Nge5 23. h3 f6 24. Rd1 Nf7 25. f4 Nd6 26. Rd2 f5 27. exf5
Nxf5 28. Bxc6 Rxc6 29. Bf2 h5 30. g4 hxg4 31. hxg4 Nh6 32. Bh4+ Ke8 33. Ne4 Nxg4
34. Nd6+ Kf8 35. Nxb7 Ngf6 36. Na5 Rc5 37. Nc4 Rd5 38. Re2 Kf7 39. Bg5 Nh7 40.
Bd8 g5 41. fxg5 Nxg5 42. Bc7 Nh7 43. Nd6+ Ke7 44. Nc8+ Kf7 45. Nd6+ Ke7 46. Nc8+ 1/2-1/2

[Event "European Rapid 2016"]
[Site "Tallinn EST"]
[Date "2016.12.16"]
[Round "9.20"]
[White "Andriasian, Zaven"]
[Black "Martinovic, Sasa"]
[Result "1-0"]
[WhiteTitle "GM"]
[BlackTitle "GM"]
[WhiteElo "2621"]
[BlackElo "2550"]
[WhiteFideId "13302000"]
[BlackFideId "14509792"]
[EventDate "2016.12.15"]

1. e4 e6 2. d3 d5 3. Nd2 Nf6 4. Ngf3 Nc6 5. c3 e5 6. g3 dxe4 7. dxe4 Bc5 8. h3
O-O 9. Qc2 a5 10. Nc4 Qe7 11. Bg2 b6 12. O-O Ba6 13. b3 Bxc4 14. bxc4 Ne8 15.
Rd1 Nd6 16. Rd5 a4 17. Qe2 f6 18. Nh4 g6 19. Bh6 Rfe8 20. Rad1 Qf7 21. Bc1 Ne7
22. R5d3 Qxc4 23. Kh2 a3 24. f4 Nf7 25. Nf3 Nc6 26. f5 g5 27. Ne1 Kh8 28. Bf3
Re7 29. Rd8+ Rxd8 30. Rxd8+ Ncxd8 31. Qxc4 1-0

[Event "European Rapid 2016"]
[Site "Tallinn EST"]
[Date "2016.12.16"]
[Round "9.21"]
[White "Llobel Cortell, Enrique"]
[Black "Novikov, Stanislav"]
[Result "0-1"]
[WhiteTitle "IM"]
[BlackTitle "GM"]
[WhiteElo "2399"]
[BlackElo "2513"]
[WhiteFideId "2216116"]
[BlackFideId "4125371"]
[EventDate "2016.12.15"]

1. e4 g6 2. Nc3 Bg7 3. d4 c6 4. f4 Qb6 5. Nf3 d5 6. e5 Bg4 7. Be2 Nh6 8. h3 Bxf3
9. Bxf3 Nf5 10. Ne2 h5 11. O-O e6 12. b3 c5 13. c3 cxd4 14. cxd4 Nc6 15. Bb2 Ne3
16. Qd2 Nxf1 17. Rxf1 Rc8 18. g4 hxg4 19. hxg4 Bf8 20. Bg2 Qa5 21. Qe3 Qxa2 22.
Ba1 Nb4 23. f5 Nc2 24. Qd3 Qa6 25. Qf3 gxf5 26. gxf5 Bh6 27. Bh3 Be3+ 28. Kg2
Rc7 29. Bc3 exf5 30. Bxf5 Qh6 31. Qg3 Bg1 32. Rxg1 Ne3+ 33. Kf2 Nxf5 34. Qf3
Qh4+ 35. Kf1 Qh3+ 36. Qxh3 Rxh3 37. Bb4 Rxb3 0-1

[Event "European Rapid 2016"]
[Site "Tallinn EST"]
[Date "2016.12.16"]
[Round "9.22"]
[White "Kazakovskiy, Valeriy"]
[Black "Munoz, Miguel"]
[Result "1-0"]
[WhiteTitle "IM"]
[BlackTitle "GM"]
[WhiteElo "2430"]
[BlackElo "2473"]
[WhiteFideId "13507443"]
[BlackFideId "3800229"]
[EventDate "2016.12.15"]

1. d4 c5 2. d5 Nf6 3. Nf3 g6 4. Nc3 Bg7 5. e4 O-O 6. h3 d6 7. Be2 e6 8. O-O exd5
9. exd5 Nbd7 10. Bf4 Ne8 11. Qd2 Ne5 12. a4 f6 13. Rfe1 Nf7 14. h4 h6 15. Bd3 g5
16. hxg5 fxg5 17. Bh2 g4 18. Rxe8 Rxe8 19. Ne1 Be5 20. Bxe5 Rxe5 21. Ne2 Qf6 22.
Ng3 Bd7 23. c4 Rae8 24. f4 Re3 25. Nf1 Qxf4 26. Nc2 R3e4 27. Bxe4 Rxe4 28. Qxf4
Rxf4 29. b3 Ne5 30. Ng3 Kf7 31. Nh5 Re4 32. Rf1+ Kg6 33. Ng3 Rd4 34. Nxd4 cxd4
35. Ne4 Bf5 36. Nxd6 Bc2 37. Rf4 d3 38. Rd4 Bxb3 39. Nxb7 Bxc4 40. d6 Kf6 41. d7
Nxd7 42. Rxd7 Ke5 43. Kf2 h5 44. Nc5 h4 45. Nxd3+ Ke4 46. Nc5+ Ke5 47. Rh7 g3+
48. Kg1 Kd5 49. Nd7 1-0

[Event "European Rapid 2016"]
[Site "Tallinn EST"]
[Date "2016.12.16"]
[Round "9.23"]
[White "Tregubov, Pavel V."]
[Black "Monroy, Charles"]
[Result "1-0"]
[WhiteTitle "GM"]
[BlackTitle "IM"]
[WhiteElo "2585"]
[BlackElo "2416"]
[WhiteFideId "4115341"]
[BlackFideId "621641"]
[EventDate "2016.12.15"]

1. d4 Nf6 2. c4 e6 3. Nc3 Bb4 4. e3 O-O 5. Bd3 c5 6. Ne2 d5 7. cxd5 cxd4 8. exd4
Nxd5 9. O-O Nc6 10. Nxd5 exd5 11. Nf4 Bd6 12. Re1 Qf6 13. Nxd5 Qxd4 14. Be3 Qh4
15. g3 Qg4 16. Bf1 Qxd1 17. Raxd1 Rd8 18. Bg5 Bg4 19. Bxd8 Bxd1 20. Bc7 Bf3 21.
Nb6 axb6 22. Bxd6 Nd4 23. Be5 Nc6 24. Bc3 Bd5 25. a3 f6 26. f4 Kf7 27. Rd1 Bb3
28. Rd7+ Kg6 29. Bd3+ Kh6 30. f5 Re8 31. Bd2+ Kh5 32. Rxg7 Bd5 33. Kf2 Re7 34.
Rxe7 1-0

[Event "European Rapid 2016"]
[Site "Tallinn EST"]
[Date "2016.12.16"]
[Round "9.24"]
[White "Jezov, Roman"]
[Black "Cvitan, Ognjen"]
[Result "1-0"]
[WhiteTitle "FM"]
[BlackTitle "GM"]
[WhiteElo "2298"]
[BlackElo "2491"]
[WhiteFideId "4502078"]
[BlackFideId "14500086"]
[EventDate "2016.12.15"]

1. e4 c5 2. Be2 Nc6 3. f4 g6 4. Nf3 Bg7 5. O-O d6 6. d3 e5 7. c3 Nge7 8. Be3
exf4 9. Bxf4 O-O 10. Na3 h6 11. Nb5 Ne5 12. d4 cxd4 13. cxd4 Nxf3+ 14. Bxf3 Qb6
15. Bxd6 Qxb5 16. Bxe7 Qxb2 17. e5 Re8 18. Bd6 Bf5 19. Rf2 Qb6 20. g4 Be6 21.
Rb1 Qa5 22. Bxb7 Rad8 23. Bc6 Rxd6 24. exd6 Rd8 25. Qd2 Qxd2 26. Rxd2 Rxd6 27.
d5 Bxg4 28. Rb8+ Bf8 29. Rd4 Bf5 30. Ra4 Kg7 31. Rxa7 Rf6 32. Rxf8 Kxf8 33. a4
Bh3 34. Bb5 Rf5 35. d6 Rd5 36. Ra8+ Kg7 37. Rd8 Rd2 38. Bc6 Rc2 39. d7 Rxc6 40.
Rg8+ Kxg8 41. d8=Q+ Kh7 42. a5 Rc2 43. Qd3 Bf5 44. Qb3 Rc1+ 45. Kf2 Be6 46. Qb7
Rc2+ 47. Ke3 Rxh2 48. a6 Rh5 49. Kd4 Rh4+ 50. Ke5 Rh5+ 51. Kd6 Rh2 52. a7 Rd2+
53. Ke5 Re2+ 54. Kf4 1-0

[Event "European Rapid 2016"]
[Site "Tallinn EST"]
[Date "2016.12.16"]
[Round "9.25"]
[White "Markevich, Ilya"]
[Black "Saric, Ivan"]
[Result "0-1"]
[BlackTitle "GM"]
[WhiteElo "2224"]
[BlackElo "2652"]
[WhiteFideId "24114839"]
[BlackFideId "14508150"]
[EventDate "2016.12.15"]

1. e4 g6 2. d4 d6 3. Nc3 Bg7 4. Nge2 Nd7 5. g3 c5 6. Bg2 Ngf6 7. O-O O-O 8. h3
Rb8 9. a4 b6 10. Be3 Bb7 11. g4 cxd4 12. Bxd4 e5 13. Be3 Nc5 14. Ng3 Ne6 15. Nb5
d5 16. g5 Nxe4 17. Nxe4 dxe4 18. Nxa7 Qe7 19. Qg4 Nd4 20. c3 Nc2 21. Rad1 Nxe3
22. fxe3 Qc5 23. Qg3 Ra8 24. Nb5 Rxa4 25. Nd6 Bd5 26. b4 Qxd6 27. c4 Rxb4 28.
cxd5 Rc4 29. h4 b5 30. h5 gxh5 31. Rf6 Qd8 32. Rh6 b4 33. Rxh5 b3 34. Qh3 Qc8
35. Qh4 Rc1 36. Rxc1 Qxc1+ 37. Kh2 Qxe3 38. Bxe4 Qd2+ 39. Kh3 Rc8 40. Bxh7+ Kf8
41. Qe4 Rc3+ 42. Kg4 Re3 43. Qc4 Qg2+ 0-1

[Event "European Rapid 2016"]
[Site "Tallinn EST"]
[Date "2016.12.16"]
[Round "9.26"]
[White "Nestor, Kaarel"]
[Black "Ruck, Robert"]
[Result "1/2-1/2"]
[BlackTitle "GM"]
[WhiteElo "2114"]
[BlackElo "2561"]
[WhiteFideId "4502345"]
[BlackFideId "705713"]
[EventDate "2016.12.15"]

1. d4 Nf6 2. Nf3 g6 3. c4 Bg7 4. g3 d5 5. cxd5 Nxd5 6. Nc3 Nb6 7. Bg2 Nc6 8. e3
O-O 9. O-O Re8 10. a3 e5 11. d5 Na5 12. e4 c6 13. b4 Nac4 14. dxc6 bxc6 15. Qc2
Be6 16. Ng5 Bd7 17. Rd1 Qc8 18. Na4 h6 19. Nxb6 Nxb6 20. Nf3 Bg4 21. Rd3 Qe6 22.
Rc3 Rac8 23. Bb2 Red8 24. Rc1 Rd6 25. Rc5 Nd7 26. Ra5 Rc7 27. Nd2 c5 28. b5 Nb6
29. Nf1 c4 30. Bc3 h5 31. Ne3 Bh3 32. Bb4 Rd4 33. Bc3 Rd3 34. Ra6 Bh6 35. Nd5
Bxg2 36. Kxg2 Rxd5 37. exd5 Qxd5+ 38. f3 Bxc1 39. Qxc1 Re7 40. Qg5 Re6 41. Rxa7
Qd3 42. Qd2 Nd5 43. Qxd3 cxd3 44. Bd2 e4 45. Rd7 Nf6 46. Rd8+ Kh7 47. fxe4 Rxe4
48. Bc3 Re6 49. a4 g5 50. Bxf6 Rxf6 51. Rxd3 Re6 52. Kf2 Re4 53. Ra3 Rb4 54. Ke3
f5 55. Kd3 f4 56. gxf4 gxf4 57. Kc3 Rb1 58. Kd3 Kg6 59. Rc3 Kg5 60. Rc5+ Kg4 61.
h3+ Kxh3 62. Rxh5+ Kg4 63. Rc5 f3 64. Ke3 Rb3+ 65. Kf2 Rb2+ 66. Kf1 Rb1+ 67. Kf2
Rb2+ 68. Kf1 1/2-1/2

[Event "European Rapid 2016"]
[Site "Tallinn EST"]
[Date "2016.12.16"]
[Round "9.27"]
[White "Agrest, Evgenij"]
[Black "Djuric, Stefan"]
[Result "1/2-1/2"]
[WhiteTitle "GM"]
[BlackTitle "GM"]
[WhiteElo "2593"]
[BlackElo "2429"]
[WhiteFideId "1705024"]
[BlackFideId "900133"]
[EventDate "2016.12.15"]

1. Nf3 Nf6 2. g3 g6 3. Bg2 Bg7 4. O-O O-O 5. d4 d5 6. c4 c6 7. b3 Ne4 8. Bb2 Bf5
9. Nc3 Nxc3 10. Bxc3 Be4 1/2-1/2

[Event "European Rapid 2016"]
[Site "Tallinn EST"]
[Date "2016.12.16"]
[Round "9.28"]
[White "Orndahl, Markus"]
[Black "Turov, Maxim"]
[Result "0-1"]
[BlackTitle "GM"]
[WhiteElo "2155"]
[BlackElo "2594"]
[WhiteFideId "1709135"]
[BlackFideId "4120086"]
[EventDate "2016.12.15"]

1. e4 c6 2. d3 d5 3. Nd2 e5 4. Ngf3 Bd6 5. g3 Nf6 6. Bg2 O-O 7. O-O Re8 8. h3 a5
9. a4 Nbd7 10. Re1 b6 11. b3 d4 12. Nc4 Bc7 13. Ba3 Nf8 14. Nh2 b5 15. Nd2 Bd6
16. Bxd6 Qxd6 17. Rf1 Ne6 18. Qe1 Nd7 19. h4 Nb6 20. axb5 cxb5 21. f4 f6 22. Qf2
Rf8 23. Bh3 Bd7 24. Bxe6+ Bxe6 25. f5 Bf7 26. g4 Rfc8 27. Ndf3 a4 28. bxa4 bxa4
29. Kh1 a3 30. Rg1 a2 31. g5 Kf8 32. g6 hxg6 33. fxg6 Be6 34. Ng5 Ke7 35. Nh7
Qc6 36. Rgc1 Ra3 37. Qd2 Rc3 38. Nf3 Nc4 39. Qf2 Ne3 40. h5 Rxc2 41. Rxc2 Qxc2
42. Nd2 Qb2 0-1

[Event "European Rapid 2016"]
[Site "Tallinn EST"]
[Date "2016.12.16"]
[Round "9.30"]
[White "Pohjala, Henri"]
[Black "Motylev, Alexander"]
[Result "0-1"]
[WhiteTitle "FM"]
[BlackTitle "GM"]
[WhiteElo "2382"]
[BlackElo "2663"]
[WhiteFideId "506478"]
[BlackFideId "4121830"]
[EventDate "2016.12.15"]

1. d4 Nf6 2. Nf3 d6 3. g3 Nbd7 4. Bg2 e5 5. dxe5 dxe5 6. O-O c6 7. b3 Qc7 8. Ba3
Nc5 9. Qc1 Bg4 10. Qe3 Nfd7 11. Nfd2 O-O-O 12. b4 Ne6 13. Qxa7 Nd4 14. Nc3 Nb6
15. b5 Bxa3 16. bxc6 Nxc6 17. Qxa3 Rxd2 18. Nb5 Qe7 19. Na7+ Kc7 20. Nb5+ Kb8
21. Qe3 Nc4 22. Qc3 Qb4 23. Rab1 Qxc3 24. Nxc3 Rc8 25. Rfc1 Bf5 0-1

[Event "European Rapid 2016"]
[Site "Tallinn EST"]
[Date "2016.12.16"]
[Round "9.31"]
[White "Chigaev, Maksim"]
[Black "Sarana, Alexey"]
[Result "0-1"]
[WhiteTitle "GM"]
[BlackTitle "IM"]
[WhiteElo "2531"]
[BlackElo "2457"]
[WhiteFideId "4108116"]
[BlackFideId "24133795"]
[EventDate "2016.12.15"]

1. e4 e5 2. Nf3 Nc6 3. Bb5 Bc5 4. c3 Nf6 5. d3 d6 6. O-O O-O 7. Nbd2 Ne7 8. Re1
Ng6 9. Nf1 c6 10. Ba4 b5 11. Bb3 a5 12. a4 b4 13. d4 exd4 14. cxd4 Bb6 15. Ng3
Re8 16. h3 Ra7 17. Bg5 h6 18. Bxf6 Qxf6 19. Rc1 Rc7 20. Nh5 Qd8 21. Qd3 Nh4 22.
Red1 d5 23. Ne5 Qg5 24. g4 Bxd4 25. Nxc6 dxe4 26. Qg3 Nf3+ 27. Kh1 Be5 28. Qg2
Bxb2 29. Rc4 Nd2 30. Rxd2 Qxd2 31. Rxe4 Qc1+ 32. Kh2 Qxc6 33. Bd5 Qd7 0-1

[Event "European Rapid 2016"]
[Site "Tallinn EST"]
[Date "2016.12.16"]
[Round "9.32"]
[White "Zubritskiy, Artyom"]
[Black "Zvjaginsev, Vadim"]
[Result "1/2-1/2"]
[WhiteTitle "IM"]
[BlackTitle "GM"]
[WhiteElo "2442"]
[BlackElo "2679"]
[WhiteFideId "4181247"]
[BlackFideId "4113403"]
[EventDate "2016.12.15"]

1. d4 Nf6 2. c4 e6 3. g3 Bb4+ 4. Bd2 Bxd2+ 5. Qxd2 O-O 6. Bg2 d5 7. Nf3 Nbd7 8.
O-O c6 9. Rd1 b6 10. Ne5 Bb7 11. Nc3 Qe7 12. Rac1 Rfd8 13. Nxd7 Rxd7 14. cxd5
cxd5 15. Rc2 Rc8 16. Rdc1 Rdc7 17. Nb1 Rxc2 18. Rxc2 Rxc2 19. Qxc2 h6 20. Nd2
Ba6 21. e3 g5 22. a3 g4 23. Qc6 Kg7 24. h4 Qd7 25. Qxd7 Nxd7 26. Bf1 Bxf1 1/2-1/2